Alternatives to octroi in Rajasthan (Record no. 416463)

000 -LEADER
fixed length control field 00415cam a22001217a 4500
008 - FIXED-LENGTH DATA ELEMENTS--GENERAL INFORMATION
fixed length control field 180718b1985 xxu||||| |||| 00| 0 eng d
082 ## - DEWEY DECIMAL CLASSIFICATION NUMBER
Classification number L2mx5434 N213
100 ## - MAIN ENTRY--PERSONAL NAME
Personal name Govinda Rao, M.
245 ## - TITLE STATEMENT
Title Alternatives to octroi in Rajasthan
Statement of responsibility, etc. by M. Govinda Rao et.al
260 ## - PUBLICATION, DISTRIBUTION, ETC.
Place of publication, distribution, etc. New Delhi
Name of publisher, distributor, etc. National Institute of Public Finance and Policy
Date of publication, distribution, etc. 1985
300 ## - PHYSICAL DESCRIPTION
Extent 178p.
700 ## - ADDED ENTRY--PERSONAL NAME
Personal name National Institute of Public Finance and Policy
Holdings
Withdrawn status Lost status Damaged status Not for loan Permanent Location Current Location Date acquired Full call number Barcode Date last seen Price effective from Koha item type
        Indian Institute of Public Administration Indian Institute of Public Administration 2009-03-17 L2mx5434 N213 D2090 2018-07-21 2018-07-21 D

Powered by Koha